000 00586nam a2200229Ia 4500
003 OSt
005 20220918200021.0
006 a|||||r|||| 00| 0
007 ta
008 220917b |||||||| |||| 00| 0 eng d
024 _a87,211
037 _cTextual
040 _aARTS
_cARTS
_beng
041 _2eng
_aeng
082 _aUxM65a, 113K2
100 _aHess W
_992458
245 0 _aWerkw sven Hedins
_b Versuc eines vollstandigen verzeichnisses
260 _c1962
650 _aGEOGRAPHY
942 _hUxM65a, 113K2
_cTEXL
_2CC
999 _c210906
_d210906